| 000 | 00527nam a22001811a 4500 | ||
|---|---|---|---|
| 001 | 5334 | ||
| 003 | OSt | ||
| 005 | 20260204212011.0 | ||
| 008 | 060117s1984||||dr ||||||b||||||||||spa|| | ||
| 050 | _aRD 972.93 C146a | ||
| 100 | _aCamilo Reynoso, Danilo | ||
| 245 | _aAlgunos apuntes de la historia dominicana para la educación / Danilo Camilo Reynoso | ||
| 264 | _aSanto Domingo : UNPHU | ||
| 300 | _a85 p | ||
| 650 | _a1.Historia República Dominicana 2.Historia - Educación | ||
| 700 | _aCamilo, RosaÌ | ||
| 942 |
_2ddc _cBK |
||
| 999 |
_c5334 _d5334 |
||